000 00425nam a2200181Ia 4500
001 11209
005 20260306161929.0
008 260306t2015||||xx |||||||||||||| ||spa||
041 _aESP
082 _a985.019
_bH41
100 _aHernández Astete, Francisco
_eAUT
245 0 _aLos incas y el poder de sus ancestros
260 _c2015
300 _a
_c
650 _aGEN
654 _aCHU
942 _cLIB
_dJUS
_fJUS
_2ddc
_n
999 _c11209
_d11209